000 00608nam a2200229Ia 4500
003 OSt
005 20220926040752.0
006 a|||||r|||| 00| 0
007 ta
008 220923b |||||||| |||| 00| 0 eng d
037 _cGeneral Book
040 _aRTL
_cRTL
_beng
041 _2eng
_aeng
082 _aX425:958, H5
110 _aInternational Labour Office
245 0 _aSocial security for sea farers
260 _c1945
650 _aOcean Transport Economics
_9242451
700 _aInternational Labour Office
942 _hX425:958, H5
_cGB
_2CC
999 _c665635
_d665635